Loading...
| History - American | 0 | 7 | 1 | 1 | 65 | 83 | 105.57 | 0 | 0 | 0.00 | 0.00 |
| History - European | 0 | 6 | 1 | 1 | 55 | 52 | 95.83 | 1 | 1 | 0.00 | 0.00 |
| History - World | 0 | 5 | 1 | 0 | 45 | 66 | 98.60 | 0 | 1 | 0.00 | 0.00 |
| History - Other | 0 | 4 | 2 | 1 | 30 | 81 | 97.00 | 0 | 0 | 0.00 | 0.00 |
| Fine Arts - Other | 0 | 2 | 0 | 0 | 20 | 91 | 117.00 | 0 | 0 | 0.00 | 0.00 |
| Fine Arts - Painting and Sculpture | 0 | 2 | 0 | 0 | 20 | 91 | 96.50 | 0 | 1 | 0.00 | 0.00 |
| Geography | 0 | 2 | 0 | 0 | 20 | 60 | 83.50 | 0 | 0 | 0.00 | 0.00 |
| Literature - World | 0 | 2 | 0 | 0 | 20 | 65 | 102.50 | 0 | 0 | 0.00 | 0.00 |
| Religion | 0 | 2 | 0 | 0 | 20 | 109 | 120.00 | 0 | 0 | 0.00 | 0.00 |
| Social Science | 0 | 2 | 0 | 2 | 20 | 120 | 121.50 | 0 | 0 | 0.00 | 0.00 |
| Popular Culture | 0 | 1 | 0 | 0 | 10 | 137 | 137.00 | 0 | 0 | 0.00 | 0.00 |
| Science - Physics | 0 | 1 | 0 | 1 | 10 | 126 | 126.00 | 0 | 0 | 0.00 | 0.00 |
| Science - Biology | 0 | 1 | 0 | 1 | 10 | 114 | 114.00 | 0 | 0 | 0.00 | 0.00 |
| Literature - American | 0 | 1 | 0 | 0 | 10 | 100 | 100.00 | 0 | 0 | 0.00 | 0.00 |
| Literature - British | 0 | 1 | 0 | 1 | 10 | 143 | 143.00 | 0 | 0 | 0.00 | 0.00 |
| Science - Other | 0 | 0 | 1 | 0 | -5 | 0.00 | 0 | 0 | 0.00 | 0.00 |